000 01148nam a22003257a 4500
003 CHAP
005 20220329140844.0
008 971013s1981 r 00010 d
010 _a58706
011 _a59678
035 _a63838
040 _cCHAP
090 _aTesis
100 0 0 _aTobar Herrera, José Rolando.
_9113490
245 _aEvaluación de tres densidades de siembra en variedades guatemaltecas e hibrídos sur africanos del cultivo de higuerillo (Ricinus communis L.)
260 _aGuatemala :
_bEl autor,
_c1981
300 _a27 h.
502 _aTesis (Ing. Agrónomo) -- Univ. de San Carlos de Guatemala. Fac. de Agronomía
590 _aALEPH
_b10
_c20130110
_lUCH01
_h1337
590 _aBATCH-UPD
_b10
_c20130110
_lUCH01
_h0514
590 _aBATCH-UPD
_b10
_c20130410
_lUCH01
_h0153
590 _aBATCH-UPD
_b10
_c20130914
_lUCH01
_h1616
590 _aCONVERSION
_b10
_c20130109
_lUCH01
_h1332
650 1 4 _aHiguerilla
_xEspaciamiento.
_955367
650 1 4 _aHiguerilla
_xHíbridos.
_955368
650 1 4 _aHiguerilla
_xVariedades.
_955370
901 _aBK
942 _cTESIS
949 _bBC
_cTES
_d-137884
_eTS1
_gI. c/e
_h20134
_i63838
_si
999 _c58706
_d58706